Potential microorganisms for sustainable agriculture : a technocommercial perspective (Record no. 182999)

MARC details
000 -LEADER
fixed length control field 00491nam a2200157Ia 4500
005 - DATE AND TIME OF LATEST TRANSACTION
control field 20250312165859.0
008 - FIXED-LENGTH DATA ELEMENTS--GENERAL INFORMATION
fixed length control field 231217s9999 xx 000 0 und d
020 ## - INTERNATIONAL STANDARD BOOK NUMBER
International Standard Book Number 9788190746206
082 ## - DEWEY DECIMAL CLASSIFICATION NUMBER
Classification number 571.63 MAH;1 R
100 ## - MAIN ENTRY--PERSONAL NAME
Personal name Maheshwari D K, Dubey R C.
245 #0 - TITLE STATEMENT
Title Potential microorganisms for sustainable agriculture : a technocommercial perspective
260 ## - PUBLICATION, DISTRIBUTION, ETC. (IMPRINT)
Date of publication, distribution, etc. 2008
Name of publisher, distributor, etc. I K International
Place of publication, distribution, etc. New Delhi
300 ## - PHYSICAL DESCRIPTION
Extent xiv+483
650 ## - SUBJECT ADDED ENTRY--TOPICAL TERM
Topical term or geographic name as entry element Nonlinear,dynamics,wheeled,vehicle
942 ## - ADDED ENTRY ELEMENTS (KOHA)
Koha item type Books
Holdings
Date last seen Total Checkouts Full call number Accession number Old discount Uniform Resource Identifier Cost, replacement price Price effective from Category Lost status Damaged status Department Withdrawn status bill no. bill date Permanent Location Current Location Shelving location Entry date Vendor Cost, normal purchase price Grants Currency symbol Conversion rate Discount Discount type
26/01/2024   571.63 MAH;1 R 53942 20 digital/contents/53942.pdf 1956.00 26/01/2024 Books     Central Library   2008/CR/0007003 07/11/2012 Central Library Central Library Central Library 24/04/2009 Allied publ. 2445.00 BT RS 1 489 Rupees

© For any Suggestions or Query, please contact the library staff @ librarian@pes.edu or Phone: +9180 2672 1983/ 2108.